000 00730nam a2200289Ia 4500
005 20260324122657.0
008 008 260324s9999 xx 000 0 eng d
020 _a9780203121535
037 _aEBOOK
040 _aCRL
040 _beng
040 _cCRL
041 _2eng
041 _aeng
084 _qCRL
100 _aWillem van Schendel; Lenore Lyons; Michele Ford
_91167373
245 0 _aLabour Migration and Human Trafficking in Southeast Asia
245 0 _bCritical Perspectives
260 _bTaylor and Francis
260 _c2012
365 _a
365 _b240
856 _uhttp://www.taylorfrancis.com/books/9780203121535
942 _cEBOOK
999 _c1760307
_d1760307